Métodos y técnicas de investigación para las ciencias sociales
Αποθηκεύτηκε σε:
| Κύριος συγγραφέας: | |
|---|---|
| Μορφή: | Βιβλίο |
| Γλώσσα: | Ισπανικά |
| Έκδοση: |
Ciudad de México
Trillas
2003
|
| Έκδοση: | 4a. ed |
| Θέματα: | |
| Ετικέτες: |
Προσθήκη ετικέτας
Δεν υπάρχουν, Καταχωρήστε ετικέτα πρώτοι!
|
MARC
| LEADER | 00000nam a2200000 a 4500 | ||
|---|---|---|---|
| 001 | UCK3960 | ||
| 003 | CL-VaPUC | ||
| 008 | 050513e20030500mx |||||||||||||||||spa|d | ||
| 020 | |a 9682466970 | ||
| 082 | 0 | 4 | |a 300.72 |b BRI |2 21 |
| 100 | 0 | |a Briones, Guillermo |e author |9 492363 | |
| 245 | 1 | 0 | |a Métodos y técnicas de investigación para las ciencias sociales |
| 250 | |a 4a. ed | ||
| 300 | |a 364 p | ||
| 942 | |c BK | ||
| 945 | |d 20050513 00:00:00 |a jcarroza | ||
| 260 | |a Ciudad de México |b Trillas |c 2003 | ||
| 650 | 0 | |a Ciencias sociales |9 256351 | |
| 650 | 0 | |a Investigación |9 257811 | |
| 650 | 0 | |a Métodos de investigación |9 262618 | |
| 583 | |a last modification |c 20171219 01:55:08 |k Rodrigo Vera | ||
| 999 | |c 313003 |d 313001 | ||
| 952 | |0 0 |1 0 |4 0 |6 300_720000000000000_BRI_2003 |7 0 |8 A |9 384022 |a BIBEDU |b BIBEDU |d 2019-11-22 |i 4124456 |o 300.72 BRI 2003 |p 4124456 |r 2019-11-22 |w 2019-11-22 |y BK |k PSI | ||